Geography Quiz

Random Geography or City Quiz

US Cities: North or South of Washington D.C. Quiz Stats

 Plays Quiz Updated Jul 29, 2018

Score 0/16 Timer 02:00
3 Plays Today
Question Answer Wrong Answers
Seattle North
97%
South
1.3%
Houston South
96.9%
North
1.3%
New York North
96.9%
South
1.4%
Phoenix South
95.8%
North
2.4%
Chicago North
95.7%
South
2.6%
San Diego South
94.2%
North
4.1%
Philadelphia North
93.7%
South
4.6%
Los Angeles South
93.2%
North
5.1%
Nashville South
91.9%
North
6.4%
Columbus North
88.5%
South
9.8%
Indianapolis North
87.9%
South
10.3%
Louisville South
72.2%
North
26.1%
Omaha North
68.9%
South
29.4%
Denver North
62.9%
South
35.5%
Salt Lake City North
62.5%
South
35.8%
San Francisco South
37.9%
North
60.5%

You're not logged in!

Compare scores with friends on all Sporcle quizzes.
OR
Log In

Sporcle TV

Today on Sporcle TV


Watch our educational content, quiz creation guides, and fun videos on Sporcle TV.

Show Comments

Extras

Top Quizzes Today


Score Distribution

Your Account Isn't Verified!

In order to create a playlist on Sporcle, you need to verify the email address you used during registration. Go to your Sporcle Settings to finish the process.

Report this User

Report this user for behavior that violates our Community Guidelines.

Details: